000 nam a22 7a 4500
999 _c9115
_d9115
008 180123b ||||| |||| 00| 0 eng d
100 _aCBSE
_95394
245 _aMathematics with extra innings
260 _aNew Delhi
_bRachna Sagar Publication
_c2009